00438nam a2200157 a 450000500170000000800410001702000170005805000200007510000170009524500520011225000120016426000380017630000350021452100070024965000240025620140310183329.0060815s19uu xx 00 eng d a730205300426 aP 90b.V53 1999 aVivian, John aThe media of mass communication /cJohn Vivian. a5th ed. aBoston :bAllyn and Bacon,c1999. a524 p. :bcol. ill. ;c27 cm.  aMC aMass Communication.